Statistiken für Berühmte Erfindungen

Klicken Sie hier um das Quiz zu spielen!

Allgemein

  • Dieses Quiz wurde 214 mal gespielt
  • Das Durchschnittsergebnis liegt bei 12 aus 39

Antwortstatistiken

ErfindungDatumErfinder% Korrekt
Buchdruck1450Johannes Gutenberg
96%
Automobil1886Carl Benz
71%
Glühlampe1879Thomas Alva Edison
68%
Telefon (Patent)1876Graham Bell
61%
Dynamit1867Alfred Nobel
58%
Revolver1835Samuel Colt
54%
Zeppelin1900Graf Ferdinand von Zeppelin
52%
Dampfmaschine1765James Watt
48%
Fließband1913Henry Ford
47%
Jeans1873Levi Strauss
45%
Erster Motorflug1903Gebrüder Wright
43%
Dieselmotor1892Rudolf Diesel
43%
Blitzableiter1752Benjamin Franklin
42%
Computer1941Konrad Zuse
42%
Teddybär1902Richard Steiff
36%
Wechselstrom (AC)1881Mnikola Tesla
34%
Gleichstrom (DC)1879Thomas Alva Edison
32%
Benzinmotor1885Gottlieb Daimler, Wilhelm Maybach
29%
Telegramm1844Samuel Morse
26%
Batterie1799Alessandro Volta
24%
Heißluftballon1783Gebrüder Montgolfier
24%
Periodensystem1869Dmitri Mendelejew, Julius Meyer
22%
Zweirad1817Karl Freiherr von Drais
21%
Elektrische Straßenbahn1879Werner von Siemens
19%
Autoreifen1888John Boyd Dunlop
18%
Kino1895Gebrüder Lumière
17%
Binärsystem1679Gottfried Wilhelm von Leibniz
14%
Schallplatte1887Emil Berliner
12%
Globus1493Martin Behaim
12%
Kernkraft1942Enrico Fermi
11%
Zündkerze1902Robert Bosch
11%
Thermometer1597Galileo Galilei
10%
Backpulver1854Justus von Liebig
6%
U-Boot1620Cornelius Drebbel
2%
Schreibmaschine1873Christopher Latham Sholes
1%
Mikrophon1878David Edward Hughes
1%
Elektrisches Licht1808Humphry Davy
1%
Dynamo1854Soren Hjorth
1%
Gasmotor1860Jean-Joseph Lenoir
0%

Verteilung der Resultate

Perzentil nach korrekt beantworteten Fragen

Anzahl Personen mit jedem Resultat

Ihre Resultats-Entwicklung

Sie haben dieses Quiz noch nicht gespielt